000 00524nam a2200133Ia 4500
008 100328s9999 xx 000 0 und d
082 _b48052
100 _aपगडी सेतुमाधवराव
245 _aनियतीच्या विळख्यात औरंगजेब
260 _bपरचुरे
630 _aनियतीच्या विळख्यात औरंगजेब
730 _aनियतीच्या विळख्यात औरंगजेब
942 _cBOOK
999 _c535730
_d535727